00451nam a2200133 a 4500008004100000050001400041100001800055245005200073246010500125250001400230260004700244300001700291350000900308120416s1985 ||||||||||||||||| || u aZ 668 Int aSturges, Paul10aIntroduction to librarianship and documentation ateaching and learning material for the long vacation courses at the University of Botswana 1984 to 1 aPilot ed. aGaboronebThe University of Botswanac1985 a208p. : ill. a0.00